00556nam a2200145Ia 4500082001200000100002000012245013000032260005400162300001300216650003700229650003800266650003300304650004100337710003200378 aRP 0273 aPatrick, Martin 0aRisk-return parity and pricing of securities in Indian capital market: an empirical investigation for the period 1996-2008b: c2011bIndian Council of Social Science, New Delhi axix, 174 aCapital marketzIndiaz1996-2008 aStock exchangeszIndiaz1996-2008 aSecuritieszIndiaz1996-2008 aSecuritiesvPriceszIndiaz1996-2008 aMaharaja College, Ernakulam